000 00819nam a2200253 i 4500
001 188899
003 SpMaBN
005 20240102165825.0
008 190221s1996 sp a |||| | spa d
020 _a84-253-3028-9
080 _a659.1(460)
100 1 _aMarchamalo, Jesús.
_9147270
245 1 0 _aBocadillos de delfín
_b: anuncios y vida cotidiana en la España de la postguerra /
_cJesús Marchamalo.
250 _a1ª ed.
260 _aBarcelona :
_bGrijalbo,
_c1996.
300 _a223 p. :
_bil. n. ;
_c23 cm.
490 1 _aHojas nuevas
504 _aBibliografía: p. 221-223.
650 7 _aPublicidad-
_zEspaña-
_vHistoria.
_9166431
830 0 _aHojas nuevas
_9178637
852 _aES-MaACL
_jA-14392
_9196033
_bR.151722
_cDEPO1
_dOlim: N-7392
942 _2udc
_cMONOGRAFIA
999 _c188899
_d188899